[Event "Canadian op"]
[Site "Calgary"]
[Date "2023.07.26"]
[Round "6"]
[White "He, Matthew"]
[Black "Wang, Chengjun Patrick"]
[Result "1-0"]
[WhiteElo "1861"]
[BlackElo "1622"]
[PlyCount "61"]
[EventDate "2023.07.22"]
[EventType "swiss"]
[EventRounds "10"]
[EventCountry "CAN"]
[SourceTitle "EXT 2024"]
[Source "ChessBase"]
[SourceDate "2023.10.10"]
[SourceVersion "1"]
[SourceVersionDate "2023.10.10"]
[SourceQuality "1"]

1. d4 d5 2. c4 c6 3. Nf3 Nf6 4. e3 e6 5. b3 Bd6 6. Bd3 Nbd7 7. Bb2 0-0 8. 0-0 Re8 9. Ne5 c5 10. Nd2 b6 11. cxd5 exd5 12. f4 cxd4 13. exd4 Bb7 14. g4 Rc8 15. a3 Nf8 16. Qf3 N6d7 17. Rae1 f6 18. Nxd7 Nxd7 19. Bf5 Kh8 20. Qh3 Nf8 21. Bxc8 Bxc8 22. Qf3 Rxe1 23. Rxe1 Bc7 24. f5 g6 25. Nf1 Qd6 26. Ng3 h5 27. Qe3 hxg4 28. fxg6 Bd7 29. Qh6+ Kg8 30. Re2 Bb5 31. Nh5 1-0

[Event "Canadian op"]
[Site "Calgary"]
[Date "2023.07.25"]
[Round "5"]
[White "Soberov, Emil"]
[Black "Wang, Chengjun Patrick"]
[Result "1-0"]
[WhiteElo "2133"]
[BlackElo "1622"]
[PlyCount "61"]
[EventDate "2023.07.22"]
[EventType "swiss"]
[EventRounds "10"]
[EventCountry "CAN"]
[SourceTitle "EXT 2024"]
[Source "ChessBase"]
[SourceDate "2023.10.10"]
[SourceVersion "1"]
[SourceVersionDate "2023.10.10"]
[SourceQuality "1"]

1. e4 c5 2. Nc3 Nc6 3. Bb5 Nf6 4. Bxc6 dxc6 5. f4 Qc7 6. d3 e5 7. f5 c4 8. Be3 Bb4 9. g4 h6 10. h3 Bxc3+ 11. bxc3 c5 12. Nf3 b6 13. 0-0 Ba6 14. Qb1 Rd8 15. Rd1 0-0 16. Bf2 Bb7 17. Bg3 Nd7 18. h4 f6 19. g5 hxg5 20. hxg5 Kf7 21. Qb5 Rde8 22. Qxc4+ Ke7 23. Nd4 Ba6 24. Qxa6 cxd4 25. cxd4 Qc3 26. dxe5 fxe5 27. Be1 Qxc2 28. Bb4+ Kf7 29. Rac1 Qc4 30. Qxc4+ Re6 31. Qxe6# 1-0